[Event "Landsturneringen 2009, Mester"]
[Site "Bergen"]
[Date "2009.07.08"]
[Round "5"]
[White "Lund, Terje"]
[Black "Martinsen, Stig K."]
[Result "0-1"]
[WhiteElo "1985"]
[BlackElo "2132"]
[PlyCount "54"]
[EventDate "2009.07.09"]
[EventType "swiss"]
[EventRounds "9"]
[EventCountry "NOR"]
[SourceDate "2009.07.06"]

1. c4 g6 2. Nc3 Bg7 3. g3 e5 4. Bg2 Ne7 5. Nf3 Nbc6 6. O-O O-O 7. e4 d6 8. h3
f5 9. d3 h6 10. Rb1 Be6 11. Nd5 Qd7 12. Kh2 Kh7 13. b4 Rae8 14. b5 Nd8 15. Ne1
Nc8 16. exf5 gxf5 17. f4 c6 18. Ne3 exf4 19. gxf4 Bf7 20. Nf3 Bf6 21. Qd2 Bh5
22. Bb2 Bxb2 23. Rxb2 Qg7 24. Rf2 Ne6 25. Nh4 Nd4 26. Bf3 Bxf3 27. Nxf3 Rg8 0-1

[Event "Landsturneringen 2009, Mester"]
[Site "Bergen"]
[Date "2009.07.08"]
[Round "5"]
[White "Martinsen, Stig K."]
[Black "Hobber, Anders"]
[Result "1-0"]
[WhiteElo "2132"]
[BlackElo "2056"]
[PlyCount "63"]
[EventDate "2009.07.09"]
[EventType "swiss"]
[EventRounds "9"]
[EventCountry "NOR"]
[SourceDate "2009.07.06"]

1. d4 d5 2. c4 c6 3. Nf3 Nf6 4. e3 e6 5. Nbd2 Nbd7 6. b3 Bd6 7. Bb2 b6 8. Bd3
Bb7 9. Ne5 c5 10. f4 cxd4 11. exd4 dxc4 12. bxc4 O-O 13. O-O Nc5 14. dxc5 Bxe5
15. fxe5 Qxd3 16. exf6 Rfd8 17. Qg4 g6 18. Nf3 Qe3+ 19. Kh1 bxc5 20. Rae1 Bxf3
21. gxf3 Qd2 22. Bc1 Qxa2 23. Qg5 Kh8 24. Qh6 Rg8 25. Re4 g5 26. Bxg5 Rxg5 27.
Qxg5 Rg8 28. Qxg8+ Kxg8 29. Rg4+ Kf8 30. Rfg1 Ke8 31. Rd1 Qb1 32. Rg8# 1-0

[Event "Landsturneringen 2009, Mester"]
[Site "Bergen"]
[Date "2009.07.08"]
[Round "5"]
[White "Moen, Ole Christian"]
[Black "Gundersen, Helge"]
[Result "1-0"]
[WhiteElo "2205"]
[BlackElo "2231"]
[PlyCount "77"]
[EventDate "2009.07.09"]
[EventType "swiss"]
[EventRounds "9"]
[EventCountry "NOR"]
[SourceDate "2009.07.06"]

1. e4 e6 2. d4 d5 3. Nc3 Bb4 4. e5 Qd7 5. Bd2 b6 6. Nb5 Bf8 7. Bd3 c6 8. Nd6+
Bxd6 9. exd6 Qxd6 10. Qg4 Kf8 11. O-O-O Nf6 12. Qh4 Ba6 13. Bf4 Qe7 14. Bxb8
Bxd3 15. Qf4 Nh5 16. Qe5 f6 17. Qc7 Kf7 18. Rxd3 Raxb8 19. Qxc6 Rhc8 20. Qb5
Nf4 21. Rf3 Nxg2 22. Ne2 Nh4 23. Rh3 Nf5 24. Qd3 Rc4 25. Rxh7 Rbc8 26. c3 b5
27. Rg1 Kg8 28. Qh3 Qc7 29. Qh5 Kf8 30. Rhxg7 Qxg7 31. Rxg7 Nxg7 32. Qg6 Ne8
33. h4 R8c7 34. Nf4 R4c6 35. Qg4 f5 36. Qe2 Kf7 37. Qh5+ Ke7 38. Ng6+ Kd8 39.
Qg5+ 1-0

[Event "Landsturneringen 2009, Mester"]
[Site "Bergen"]
[Date "2009.07.08"]
[Round "5"]
[White "Riisem, Øyvind"]
[Black "Stubberud, Ørnulf"]
[Result "0-1"]
[WhiteElo "1967"]
[BlackElo "2200"]
[PlyCount "62"]
[EventDate "2009.07.09"]
[EventType "swiss"]
[EventRounds "9"]
[EventCountry "NOR"]
[SourceDate "2009.07.06"]

1. e4 c5 2. Nf3 e6 3. b3 b6 4. d4 cxd4 5. Nxd4 Bb7 6. Bd3 d6 7. Bb2 Nf6 8. Nd2
Nbd7 9. O-O a6 10. Qe2 e5 11. Nf5 g6 12. Ne3 Bg7 13. c4 Nc5 14. Nd5 O-O 15.
Rac1 Bh6 16. Rc2 Nxd5 17. cxd5 f5 18. b4 Nxd3 19. Qxd3 Bxd2 20. Qxd2 fxe4 21.
Qe3 Rc8 22. Rfc1 Rxc2 23. Rxc2 b5 24. Qxe4 Rf4 25. Qe3 Rxb4 26. Qa7 Bxd5 27. f4
Rxf4 28. Qxa6 Bc4 29. g3 Rf1+ 30. Kg2 Qf8 31. Qc6 Rd1 0-1

[Event "Landsturneringen 2009, Mester"]
[Site "Bergen"]
[Date "2009.07.09"]
[Round "6"]
[White "Andreassen, Arnold"]
[Black "Kovachev, Daniel Jakobsen"]
[Result "0-1"]
[WhiteElo "2040"]
[BlackElo "2239"]
[PlyCount "38"]
[EventDate "2009.07.09"]
[EventType "swiss"]
[EventRounds "9"]
[EventCountry "NOR"]
[SourceDate "2009.07.06"]

1. e4 e5 2. Nf3 Nc6 3. Bb5 a6 4. Bxc6 dxc6 5. O-O Qd6 6. Na3 Be6 7. Qe2 b5 8.
c3 c5 9. Nc2 Bc4 10. Qe3 Bxf1 11. Kxf1 Ne7 12. d4 cxd4 13. cxd4 exd4 14. Ncxd4
c5 15. Nb3 Nc6 16. e5 Qd1+ 17. Ne1 Qd5 18. Nd3 c4 19. Nf4 Qd1+ 0-1

[Event "Landsturneringen 2009, Mester"]
[Site "Bergen"]
[Date "2009.07.09"]
[Round "6"]
[White "Aulin-Jansson, Jøran"]
[Black "Lund, Terje"]
[Result "1-0"]
[WhiteElo "2122"]
[BlackElo "1985"]
[PlyCount "43"]
[EventDate "2009.07.09"]
[EventType "swiss"]
[EventRounds "9"]
[EventCountry "NOR"]
[SourceDate "2009.07.06"]

1. Nf3 Nf6 2. c4 e6 3. d4 b6 4. g3 Bb7 5. Bg2 Be7 6. O-O O-O 7. Nc3 d5 8. Ne5
Nbd7 9. Qa4 Nb8 10. Rd1 Qe8 11. Qc2 c6 12. e4 Nbd7 13. cxd5 exd5 14. Nxd7 Qxd7
15. e5 Ne8 16. f4 c5 17. Be3 Nc7 18. f5 Rac8 19. Qf2 f6 20. e6 Qd8 21. dxc5 d4
22. Rxd4 1-0

[Event "Landsturneringen 2009, Mester"]
[Site "Bergen"]
[Date "2009.07.09"]
[Round "6"]
[White "Borchgrevink, Harald B"]
[Black "Glenne, Bjørn-Erik"]
[Result "1/2-1/2"]
[WhiteElo "2283"]
[BlackElo "2181"]
[PlyCount "138"]
[EventDate "2009.07.09"]
[EventType "swiss"]
[EventRounds "9"]
[EventCountry "NOR"]
[SourceDate "2009.07.06"]

1. d4 Nf6 2. Nf3 e6 3. c4 Ne4 4. Nc3 Bb4 5. Qd3 d5 6. Bd2 Nxd2 7. Nxd2 O-O 8.
e3 b6 9. a3 Bxc3 10. Qxc3 a5 11. Rc1 c6 12. Be2 Bd7 13. O-O Na6 14. Rfd1 Nc7
15. e4 f5 16. exd5 exd5 17. Bf3 Be8 18. Re1 b5 19. cxd5 Nxd5 20. Bxd5+ Qxd5 21.
Nb3 a4 22. Nc5 Rf6 23. Re5 Qd6 24. Nd3 Bf7 25. Rc5 Rd8 26. Nb4 Qxd4 27. Qxd4
Rxd4 28. Nxc6 Rd2 29. Na5 Be8 30. R5c2 Rfd6 31. Kf1 Kf8 32. Ke1 Rxc2 33. Rxc2
Bf7 34. Rc5 Rd5 35. Rc8+ Ke7 36. Rc7+ Kf6 37. Rb7 Rc5 38. Rb6+ Kg5 39. Rb7 Kg6
40. Rb6+ Kg5 41. g3 f4 42. Nc6 fxg3 43. hxg3 Bb3 44. Nd4 Rc1+ 45. Ke2 Bc4+ 46.
Kd2 Rb1 47. Kc3 Rc1+ 48. Kb4 Rf1 49. Nxb5 Bxb5 50. Rxb5+ Kg4 51. Rb7 g5 52.
Kxa4 Rxf2 53. b4 h5 54. Rg7 Rg2 55. b5 Rxg3 56. b6 Rg1 57. b7 Rb1 58. Ka5 h4
59. Ka6 h3 60. Rh7 Ra1 61. Kb5 Rxa3 62. Kc4 Ra7 63. b8=Q Rxh7 64. Qh2 Rh4 65.
Kd3 Kf3 66. Qh1+ Kf2 67. Qh2+ Kf3 68. Qh1+ Kf2 69. Qh2+ Kf3 1/2-1/2

[Event "Landsturneringen 2009, Mester"]
[Site "Bergen"]
[Date "2009.07.09"]
[Round "6"]
[White "Danielsen, Magnus"]
[Black "Larsen, Tor Kristian"]
[Result "0-1"]
[WhiteElo "1988"]
[BlackElo "1973"]
[PlyCount "46"]
[EventDate "2009.07.09"]
[EventType "swiss"]
[EventRounds "9"]
[EventCountry "NOR"]
[SourceDate "2009.07.06"]

1. e4 c5 2. Nc3 Nc6 3. f4 g6 4. Nf3 Bg7 5. Bb5 Nd4 6. Nxd4 cxd4 7. Ne2 Nf6 8.
Bd3 d5 9. e5 Nh5 10. O-O Qb6 11. b3 f6 12. exf6 Nxf6 13. Kh1 Ne4 14. Ng3 Nxg3+
15. hxg3 O-O 16. Qe2 e5 17. fxe5 Rxf1+ 18. Qxf1 Bxe5 19. Ba3 Be6 20. Re1 Bxg3
21. Re2 Qd8 22. Qf8+ Qxf8 23. Bxf8 Bg4 0-1

[Event "Landsturneringen 2009, Mester"]
[Site "Bergen"]
[Date "2009.07.09"]
[Round "6"]
[White "Ferkingstad, Sjur"]
[Black "Stubberud, Ørnulf"]
[Result "1-0"]
[WhiteElo "2111"]
[BlackElo "2200"]
[PlyCount "137"]
[EventDate "2009.07.09"]
[EventType "swiss"]
[EventRounds "9"]
[EventCountry "NOR"]
[SourceDate "2009.07.06"]

1. e4 c5 2. Nc3 Nc6 3. f4 g6 4. Nf3 Bg7 5. Bb5 Nd4 6. O-O Nxb5 7. Nxb5 a6 8.
Nc3 b5 9. d3 Bb7 10. Qe1 d6 11. Kh1 b4 12. Nd1 Nf6 13. Ne3 O-O 14. f5 e6 15.
fxe6 fxe6 16. Nc4 Qe7 17. e5 dxe5 18. Ncxe5 Nh5 19. Bg5 Qc7 20. Qe3 Rf5 21. Ng4
Kh8 22. Nh6 Rff8 23. Qxe6 Rae8 24. Qc4 Bxb2 25. Rae1 Bxf3 26. Nf7+ Rxf7 27.
Rxe8+ Kg7 28. Rxf3 Nf6 29. Re6 Bd4 30. Bxf6+ Rxf6 31. Rexf6 Bxf6 32. Qe6 Bd4
33. Qe8 Bf6 34. Rf1 a5 35. Re1 Qf4 36. Qd7+ Kh6 37. Qh3+ Kg7 38. Qe3 Qd6 39.
Qe4 h5 40. Qe6 Qf4 41. Qe4 Qd6 42. Qb7+ Kh6 43. Qf7 Qd4 44. Rf1 Be5 45. Qf8+
Kh7 46. h3 a4 47. Qf7+ Kh6 48. Qf2 Qc3 49. Re1 Kg7 50. Rf1 Bf6 51. Qf4 a3 52.
g4 hxg4 53. hxg4 Qd4 54. Qxd4 Bxd4 55. Kg2 Kh6 56. Rf7 Kg5 57. Kf3 Be5 58. Rd7
Bd4 59. Rd5+ Kf6 60. Ke4 Bg1 61. g5+ Ke6 62. Re5+ Kf7 63. Kd5 Bd4 64. Re6 Bg1
65. Rf6+ Kg7 66. Ke6 Be3 67. Rf7+ Kg8 68. Kf6 Bxg5+ 69. Kxg6 1-0

[Event "Landsturneringen 2009, Mester"]
[Site "Bergen"]
[Date "2009.07.09"]
[Round "6"]
[White "Flaata, Alexander R"]
[Black "Pham, Toan Thanh"]
[Result "1-0"]
[WhiteElo "1990"]
[BlackElo "2054"]
[PlyCount "89"]
[EventDate "2009.07.09"]
[EventType "swiss"]
[EventRounds "9"]
[EventCountry "NOR"]
[SourceDate "2009.07.06"]

1. e4 e5 2. Nf3 Nc6 3. Bb5 a6 4. Ba4 Nf6 5. d3 d6 6. c3 Be7 7. Nbd2 O-O 8. h3
b5 9. Bc2 Bb7 10. Qe2 Nb8 11. Nf1 Nbd7 12. g4 d5 13. Ng3 c5 14. g5 Ne8 15. Nf5
dxe4 16. dxe4 c4 17. Nxe7+ Qxe7 18. Be3 Nd6 19. Nd2 Rac8 20. f3 Nc5 21. Rd1 a5
22. Nf1 b4 23. Ng3 g6 24. Qf2 Ne6 25. h4 Nf4 26. Bxf4 exf4 27. Ne2 bxc3 28.
bxc3 f5 29. gxf6 Qxf6 30. Qa7 Rcd8 31. Qxa5 Nxe4 32. Rxd8 Rxd8 33. Bxe4 Bxe4
34. fxe4 f3 35. Nd4 Rb8 36. Qd5+ Kh8 37. O-O Rb2 38. Nxf3 Qxc3 39. Qd8+ Kg7 40.
Qe7+ Kh6 41. Qg5+ Kg7 42. h5 Rxa2 43. h6+ Kf7 44. Nd4+ Ke8 45. Qe5+ 1-0

[Event "Landsturneringen 2009, Mester"]
[Site "Bergen"]
[Date "2009.07.09"]
[Round "6"]
[White "Havik, Victor"]
[Black "Moen, Ole Christian"]
[Result "1-0"]
[WhiteElo "1998"]
[BlackElo "2205"]
[PlyCount "91"]
[EventDate "2009.07.09"]
[EventType "swiss"]
[EventRounds "9"]
[EventCountry "NOR"]
[SourceDate "2009.07.06"]

1. d4 d6 2. c4 Nd7 3. Nf3 e5 4. Nc3 Ngf6 5. e4 c6 6. Be2 Be7 7. O-O O-O 8. Re1
Re8 9. Bf1 Bf8 10. Bg5 h6 11. Bh4 g5 12. Bg3 Nh5 13. d5 Nxg3 14. hxg3 a5 15. a3
Be7 16. Nd2 Nc5 17. g4 a4 18. Re3 Qd7 19. Be2 Bd8 20. Qc2 Bb6 21. Rh3 Kg7 22.
g3 Rh8 23. Rh5 Qe7 24. Kg2 Qf6 25. Bf3 Bd7 26. Rah1 Ba5 27. Bd1 Qg6 28. Bf3
Rac8 29. Rd1 Ra8 30. Re1 Qf6 31. Bd1 Qd8 32. f3 Qb6 33. Reh1 Nb3 34. Nxa4 Qe3
35. Nxb3 cxd5 36. Nxa5 Bxa4 37. Qxa4 Qd2+ 38. Kf1 dxe4 39. fxe4 b5 40. Qc2 Qxa5
41. cxb5 Qxb5+ 42. Be2 Qb6 43. Qd2 d5 44. exd5 Ra4 45. Rxg5+ hxg5 46. Qxg5+ 1-0

[Event "Landsturneringen 2009, Mester"]
[Site "Bergen"]
[Date "2009.07.09"]
[Round "6"]
[White "Martinsen, Stig K."]
[Black "Kirkebø, Carl Peter"]
[Result "1-0"]
[WhiteElo "2132"]
[BlackElo "2109"]
[PlyCount "101"]
[EventDate "2009.07.09"]
[EventType "swiss"]
[EventRounds "9"]
[EventCountry "NOR"]
[SourceDate "2009.07.06"]

1. d4 Nf6 2. c4 g6 3. Nc3 d5 4. cxd5 Nxd5 5. Bd2 Bg7 6. e4 Nb6 7. Be3 O-O 8. f4
Nc6 9. d5 Nb8 10. Bd4 c6 11. Bxg7 Kxg7 12. Qd4+ Kg8 13. O-O-O cxd5 14. exd5
N8d7 15. Be2 Qc7 16. Bf3 Qc5 17. Nge2 Qxd4 18. Nxd4 Nf6 19. Rhe1 Rd8 20. Rxe7
Nbxd5 21. Ndb5 Be6 22. Rxb7 a6 23. Nc7 Nxc7 24. Rxc7 Rxd1+ 25. Kxd1 Rd8+ 26.
Kc1 Rd4 27. g3 h5 28. Rc6 h4 29. Be2 a5 30. Ra6 hxg3 31. hxg3 Ne4 32. Nxe4 Rxe4
33. Ra8+ Kg7 34. Kd2 Bxa2 35. Rxa5 Be6 36. Ra3 g5 37. Bd3 Rd4 38. Kc3 Rd5 39.
b4 gxf4 40. gxf4 Bf5 41. Bc4 Rd1 42. b5 Rc1+ 43. Kd4 Be6 44. Bxe6 fxe6 45. Rb3
Kf6 46. b6 Rc8 47. b7 Rb8 48. Kc5 Kf5 49. Rb4 Rxb7 50. Rxb7 Kxf4 51. Re7 1-0

[Event "Landsturneringen 2009, Mester"]
[Site "Bergen"]
[Date "2009.07.09"]
[Round "6"]
[White "Skrondal, Inge Sandstad"]
[Black "Bjerke, Silje"]
[Result "1/2-1/2"]
[WhiteElo "2218"]
[BlackElo "2233"]
[PlyCount "49"]
[EventDate "2009.07.09"]
[EventType "swiss"]
[EventRounds "9"]
[EventCountry "NOR"]
[SourceDate "2009.07.06"]

1. Nf3 Nf6 2. c4 g6 3. Nc3 d5 4. cxd5 Nxd5 5. Qa4+ Bd7 6. Qh4 Nxc3 7. bxc3 Bg7
8. Rb1 Bc6 9. d4 Nd7 10. Bh6 Bxh6 11. Qxh6 e6 12. e3 Qf6 13. Be2 O-O-O 14. O-O
Rhg8 15. Ng5 Qg7 16. Qxg7 Rxg7 17. Bb5 Bxb5 18. Rxb5 Nf6 19. Rfb1 Rd5 20. Kf1
Rxg5 21. Rxg5 Ne4 22. Rgb5 Nd2+ 23. Ke2 Nxb1 24. Rxb1 f6 25. Rb5 1/2-1/2

[Event "Landsturneringen 2009, Mester"]
[Site "Bergen"]
[Date "2009.07.09"]
[Round "6"]
[White "Thanke, Bror"]
[Black "Gandrud, Vegar Koi"]
[Result "1-0"]
[WhiteElo "2120"]
[BlackElo "2151"]
[PlyCount "51"]
[EventDate "2009.07.09"]
[EventType "swiss"]
[EventRounds "9"]
[EventCountry "NOR"]
[SourceDate "2009.07.06"]

1. e4 c5 2. Nf3 d6 3. d4 cxd4 4. Nxd4 Nf6 5. Nc3 a6 6. f4 e6 7. Qf3 Qc7 8. Be3
b5 9. a3 Bb7 10. Bd3 Nbd7 11. O-O Be7 12. g4 Nc5 13. g5 Nfd7 14. Qh3 g6 15.
Rad1 Nb6 16. Nf3 Nxd3 17. cxd3 d5 18. Rc1 Bc5 19. Nxd5 Bxe3+ 20. Nxe3 Qxf4 21.
Ng4 Rc8 22. Rxc8+ Nxc8 23. Nfe5 Qxg5 24. Nxf7 Qc5+ 25. Kh1 Nd6 26. Nf6+ 1-0

[Event "Landsturneringen 2009, Mester"]
[Site "Bergen"]
[Date "2009.07.10"]
[Round "7"]
[White "Bjerke, Silje"]
[Black "Andreassen, Arnold"]
[Result "1/2-1/2"]
[WhiteElo "2233"]
[BlackElo "2040"]
[PlyCount "88"]
[EventDate "2009.07.09"]
[EventType "swiss"]
[EventRounds "9"]
[EventCountry "NOR"]
[SourceDate "2009.07.06"]

1. e4 c5 2. Nf3 d6 3. d4 cxd4 4. Nxd4 Nf6 5. Nc3 g6 6. Bc4 Bg7 7. h3 Nc6 8. Be3
O-O 9. Bb3 Na5 10. O-O b6 11. Re1 Bb7 12. Bg5 Nxb3 13. axb3 h6 14. Bh4 a6 15.
Nd5 e6 16. Nxf6+ Bxf6 17. Bxf6 Qxf6 18. Qd2 Rfd8 19. Rad1 Kh7 20. Qb4 b5 21.
Nf3 e5 22. Re3 Qe7 23. c4 Bc6 24. cxb5 Bxb5 25. Rd5 Rab8 26. Qa3 Rd7 27. Rc3
Rb6 28. Qa5 Rdb7 29. Nd2 Qe6 30. Qa1 f5 31. f3 f4 32. Qc1 Qd7 33. Rc2 h5 34.
Nc4 Bxc4 35. bxc4 Qa4 36. Kh2 Qb3 37. c5 dxc5 38. Rxe5 Qe3 39. Qd1 Rxb2 40.
Rxb2 Rxb2 41. Qd7+ Kh6 42. Qe7 Rxg2+ 43. Kxg2 Qe2+ 44. Kg1 Qe1+ 1/2-1/2

[Event "Landsturneringen 2009, Mester"]
[Site "Bergen"]
[Date "2009.07.10"]
[Round "7"]
[White "Borchgrevink, Harald B"]
[Black "Bentsen, Håkon"]
[Result "1-0"]
[WhiteElo "2283"]
[BlackElo "2085"]
[PlyCount "57"]
[EventDate "2009.07.09"]
[EventType "swiss"]
[EventRounds "9"]
[EventCountry "NOR"]
[SourceDate "2009.07.06"]

1. Nf3 Nf6 2. c4 e6 3. d4 d5 4. e3 c5 5. dxc5 Bxc5 6. Nc3 Nc6 7. a3 a6 8. b4
Ba7 9. Bb2 O-O 10. Qc2 Ne7 11. c5 Bd7 12. Bd3 Ng6 13. h4 Bb8 14. Ne2 Bb5 15.
Bxb5 axb5 16. h5 Ne7 17. h6 Ng6 18. hxg7 Kxg7 19. Ned4 Re8 20. g4 Kg8 21. O-O-O
b6 22. Nc6 Qc7 23. Bxf6 Qxc6 24. Nd4 Qb7 25. f4 Qa6 26. Rd3 Nxf4 27. exf4 Bxf4+
28. Kb1 bxc5 29. Rxh7 1-0

[Event "Landsturneringen 2009, Mester"]
[Site "Bergen"]
[Date "2009.07.10"]
[Round "7"]
[White "Gandrud, Vegar Koi"]
[Black "Eriksen, Terje"]
[Result "0-1"]
[WhiteElo "2151"]
[BlackElo "2087"]
[PlyCount "120"]
[EventDate "2009.07.09"]
[EventType "swiss"]
[EventRounds "9"]
[EventCountry "NOR"]
[SourceDate "2009.07.06"]

1. d4 Nf6 2. c4 g6 3. Nc3 d5 4. cxd5 Nxd5 5. e4 Nxc3 6. bxc3 Bg7 7. Nf3 c5 8.
Be2 Nc6 9. Be3 Bg4 10. e5 Qa5 11. Qd2 Rd8 12. O-O cxd4 13. Nxd4 Nxe5 14. Bb5+
Bd7 15. Rab1 Bxb5 16. Rxb5 Qxb5 17. Nxb5 Rxd2 18. Bxd2 Nc6 19. Rd1 O-O 20. Be3
a6 21. Nd4 Rd8 22. Rd2 Nxd4 23. cxd4 Rd7 24. Kf1 f5 25. Ke2 Kf7 26. f4 Rc7 27.
Kd3 Ke6 28. Rb2 Kd5 29. Rb6 e6 30. Bf2 Bf6 31. a4 Bd8 32. Rb1 h6 33. h4 Be7 34.
g3 Bd6 35. Be1 Rg7 36. Bd2 Bb8 37. Rc1 Rc7 38. Rb1 Ba7 39. Rb4 b6 40. Be3 Rc6
41. Bd2 Bb8 42. Bc3 Bd6 43. Rb3 Bc7 44. Rb4 Bd8 45. Bd2 Rc8 46. Bc3 Bf6 47. Bd2
Bd8 48. Be3 Rb8 49. Rc4 b5 50. axb5 Rxb5 51. Rc8 Rb3+ 52. Ke2 Bb6 53. Ra8 a5
54. Ra6 Kc6 55. Ra8 Kb7 56. Re8 a4 57. Re7+ Ka6 58. Re8 a3 59. Bg1 Kb5 60. Ra8
Rxg3 0-1

[Event "Landsturneringen 2009, Mester"]
[Site "Bergen"]
[Date "2009.07.11"]
[Round "7"]
[White "Glenne, Bjørn-Erik"]
[Black "Aulin-Jansson, Jøran"]
[Result "0-1"]
[WhiteElo "2181"]
[BlackElo "2122"]
[PlyCount "94"]
[EventDate "2009.07.09"]
[EventType "swiss"]
[EventRounds "9"]
[EventCountry "NOR"]
[SourceDate "2009.07.06"]

1. d4 Nf6 2. c4 e6 3. Nc3 Bb4 4. e3 O-O 5. Bd3 d5 6. a3 dxc4 7. Bxc4 Bd6 8. Nf3
Nc6 9. O-O e5 10. d5 Ne7 11. e4 Ng6 12. Re1 a6 13. Bf1 h6 14. Qc2 Bg4 15. Ne2
Bxf3 16. gxf3 Nh5 17. Ng3 Nhf4 18. Nf5 Nh4 19. Nxh4 Qxh4 20. Bxf4 Qxf4 21. Bd3
Qxf3 22. Re3 Qh5 23. Be2 Qh4 24. Rg3 f5 25. f3 b6 26. Bd3 Rf7 27. Kh1 fxe4 28.
Bxe4 Raf8 29. Rag1 Bc5 30. R1g2 Kh8 31. Qe2 Qf4 32. h3 Qc1+ 33. Rg1 Bxg1 34.
Rxg1 Qc5 35. Qxa6 Qe3 36. Qa4 Rxf3 37. Bxf3 Qxf3+ 38. Kh2 Qxd5 39. Qc2 Qd4 40.
Rg2 Rf3 41. Qg6 Qf4+ 42. Kh1 Rf1+ 43. Rg1 Qf3+ 44. Qg2 Qxg2+ 45. Kxg2 Rxg1+ 46.
Kxg1 g5 47. b4 b5 0-1

[Event "Landsturneringen 2009, Mester"]
[Site "Bergen"]
[Date "2009.07.10"]
[Round "7"]
[White "Haarr, Jon Kristian"]
[Black "Thanke, Bror"]
[Result "0-1"]
[WhiteElo "2128"]
[BlackElo "2120"]
[PlyCount "40"]
[EventDate "2009.07.09"]
[EventType "swiss"]
[EventRounds "9"]
[EventCountry "NOR"]
[SourceDate "2009.07.06"]

1. e4 e5 2. f4 exf4 3. Bc4 Qh4+ 4. Kf1 d5 5. Bxd5 Nf6 6. Nc3 c6 7. Bb3 Be7 8.
Nf3 Qh6 9. d4 Nh5 10. Ne2 O-O 11. g3 Bg4 12. Bxf4 g5 13. Ne5 Bh3+ 14. Kf2 gxf4
15. g4 Nf6 16. Kf3 Bxg4+ 17. Nxg4 Qh3+ 18. Kxf4 Nh5+ 19. Kf5 Qf3+ 20. Ke5 Nd7#
0-1

[Event "Landsturneringen 2009, Mester"]
[Site "Bergen"]
[Date "2009.07.10"]
[Round "7"]
[White "Hobber, Anders"]
[Black "Gundersen, Helge"]
[Result "1-0"]
[WhiteElo "2056"]
[BlackElo "2231"]
[PlyCount "45"]
[EventDate "2009.07.09"]
[EventType "swiss"]
[EventRounds "9"]
[EventCountry "NOR"]
[SourceDate "2009.07.06"]

1. d4 Nf6 2. Nf3 e6 3. Bg5 d5 4. e3 c6 5. Nbd2 Nbd7 6. c3 Be7 7. Bd3 h6 8. Bxf6
Nxf6 9. O-O O-O 10. e4 dxe4 11. Nxe4 Nxe4 12. Bxe4 Bd6 13. Bc2 b6 14. Qd3 g6
15. Rfe1 c5 16. dxc5 Bxc5 17. Qe4 Rb8 18. Qf4 Bb7 19. Rad1 Qe7 20. b4 Bxf3 21.
gxf3 g5 22. Qe4 f5 23. Qxe6+ 1-0

[Event "Landsturneringen 2009, Mester"]
[Site "Bergen"]
[Date "2009.07.10"]
[Round "7"]
[White "Kovachev, Daniel Jakobsen"]
[Black "Ferkingstad, Sjur"]
[Result "0-1"]
[WhiteElo "2239"]
[BlackElo "2111"]
[PlyCount "60"]
[EventDate "2009.07.09"]
[EventType "swiss"]
[EventRounds "9"]
[EventCountry "NOR"]
[SourceDate "2009.07.06"]

1. e4 e6 2. d4 d5 3. Nd2 Nf6 4. e5 Nfd7 5. c3 c5 6. Bd3 Nc6 7. Ne2 cxd4 8. cxd4
f6 9. exf6 Qxf6 10. Nf3 h6 11. O-O Bd6 12. Ng3 O-O 13. Bc2 Rd8 14. Re1 Nf8 15.
Ne5 Qh4 16. f4 Bd7 17. Be3 Be8 18. Rf1 Rac8 19. Rc1 Rc7 20. Qd2 Rdc8 21. Bb1
Bb4 22. Qd1 Ba5 23. f5 Nxe5 24. dxe5 Bb6 25. Qd2 Rxc1 26. Rxc1 Rxc1+ 27. Qxc1
Qf4 28. Nf1 Bb5 29. Qe1 Qxf1+ 30. Qxf1 Bxe3+ 0-1

[Event "Landsturneringen 2009, Mester"]
[Site "Bergen"]
[Date "2009.07.10"]
[Round "7"]
[White "Moen, Ole Christian"]
[Black "Mihajlov, Svetoslav"]
[Result "1-0"]
[WhiteElo "2205"]
[BlackElo "2058"]
[PlyCount "51"]
[EventDate "2009.07.09"]
[EventType "swiss"]
[EventRounds "9"]
[EventCountry "NOR"]
[SourceDate "2009.07.06"]

1. e4 c5 2. Nf3 e6 3. d4 cxd4 4. Nxd4 Nf6 5. Bd3 Nc6 6. Be3 d5 7. Nd2 e5 8.
N4f3 h6 9. exd5 Nxd5 10. Qe2 Nxe3 11. Qxe3 Bd6 12. O-O-O Qe7 13. Nc4 Bc7 14.
Rhe1 Bg4 15. Ncxe5 Bxe5 16. Nxe5 Bxd1 17. Nxc6 Qxe3+ 18. Rxe3+ Kf8 19. Ne5 Bh5
20. g4 Bxg4 21. Nxg4 f6 22. Bg6 h5 23. Rh3 Ke7 24. Ne3 h4 25. Nf5+ Kf8 26. Re3
1-0

[Event "Landsturneringen 2009, Mester"]
[Site "Bergen"]
[Date "2009.07.10"]
[Round "7"]
[White "Stubberud, Ørnulf"]
[Black "Martinsen, Stig K."]
[Result "1/2-1/2"]
[WhiteElo "2200"]
[BlackElo "2132"]
[PlyCount "33"]
[EventDate "2009.07.09"]
[EventType "swiss"]
[EventRounds "9"]
[EventCountry "NOR"]
[SourceDate "2009.07.06"]

1. d4 e6 2. Nf3 Nf6 3. e3 c5 4. Bd3 b6 5. O-O Be7 6. b3 Bb7 7. Nbd2 O-O 8. Bb2
cxd4 9. exd4 Nd5 10. Re1 Nf4 11. Bf1 Nc6 12. a3 Rc8 13. Rc1 d6 14. g3 Nh5 15.
Bd3 g6 16. Qe2 Bf6 17. c4 1/2-1/2

[Event "Landsturneringen 2009, Mester"]
[Site "Bergen"]
[Date "2009.07.10"]
[Round "7"]
[White "Thorstensen, Trond"]
[Black "Bryn, Askild"]
[Result "1-0"]
[WhiteElo "2264"]
[BlackElo "2014"]
[PlyCount "73"]
[EventDate "2009.07.09"]
[EventType "swiss"]
[EventRounds "9"]
[EventCountry "NOR"]
[SourceDate "2009.07.06"]

1. d4 g6 2. c4 Bg7 3. Nc3 d6 4. g3 f5 5. Bg2 Nf6 6. Nf3 O-O 7. d5 Nbd7 8. Nd4
Ne5 9. Qb3 c5 10. dxc6 Nxc6 11. Nxc6 bxc6 12. Bxc6 Be6 13. Nd5 Bxd5 14. cxd5
Rb8 15. Qa3 Ne4 16. f3 Nc5 17. Rb1 Qb6 18. b4 e5 19. Be3 f4 20. Bf2 a5 21. b5
fxg3 22. hxg3 e4 23. f4 g5 24. Be3 gxf4 25. gxf4 Qd8 26. Bxc5 dxc5 27. Qh3 Rxf4
28. e3 Rf3 29. Qxh7+ Kf8 30. Qxe4 Qf6 31. Qxf3 Qxf3 32. Rf1 Qxf1+ 33. Kxf1 Ke7
34. b6 Kd6 35. Ke2 c4 36. b7 Bf6 37. Kd2 1-0

[Event "Landsturneringen 2009, Mester"]
[Site "Bergen"]
[Date "2009.07.11"]
[Round "8"]
[White "Bjerke, Silje"]
[Black "Haarr, Jon Kristian"]
[Result "1-0"]
[WhiteElo "2233"]
[BlackElo "2128"]
[PlyCount "111"]
[EventDate "2009.07.09"]
[EventType "swiss"]
[EventRounds "9"]
[EventCountry "NOR"]
[SourceDate "2009.07.06"]

1. e4 c6 2. d4 d5 3. e5 Bf5 4. h4 h5 5. c4 e6 6. Nc3 Ne7 7. Bg5 dxc4 8. Bxc4
Qb6 9. Bb3 Nd5 10. Nge2 Nd7 11. O-O f6 12. Nxd5 cxd5 13. Be3 Be7 14. Nf4 fxe5
15. dxe5 Qb4 16. Bc2 O-O 17. Nxd5 Bxc2 18. Nxe7+ Qxe7 19. Qxc2 Nxe5 20. Bg5 Qb4
21. Rae1 Rf5 22. Re4 Qf8 23. Qe2 Qc5 24. b4 Qd6 25. Bf4 Rxf4 26. Rxf4 Ng4 27.
g3 e5 28. Rf5 g6 29. Qc4+ Kg7 30. Rf7+ Kh8 31. Qc7 Qxc7 32. Rxc7 b5 33. Rd1 Nf6
34. Rf7 Ng4 35. Rdd7 e4 36. Rxa7 Rc8 37. Rh7+ Kg8 38. Rag7+ Kf8 39. Rc7 Rxc7
40. Rxc7 Ne5 41. Rc5 Nf3+ 42. Kf1 Nd2+ 43. Ke2 Nf3 44. Ke3 Ke7 45. Rxb5 Kf6 46.
Kxe4 Nd2+ 47. Kf4 Nc4 48. Rc5 Nd2 49. Rc6+ Kg7 50. b5 Nb1 51. b6 Na3 52. b7 Nb5
53. b8=Q Nd4 54. Qe5+ Kf7 55. Rc7+ Kf8 56. Qh8# 1-0